000 00689nam a2200205 a 4500
001 000025937
005 20200930024151.0
008 110217s1958 xxu r 000 | spa d
040 _aDO-SdBNP
_bspa
_cBNPHU
041 _aspa
_heng
_2Código de idioma MARC
082 _aNNN
_bV217e
100 1 _aVan Ness, Bethann Faris ,
_952799
240 0 _aThis is my biblie
_lEspañol
245 1 0 _aEsta es mi Biblia /
_cBethann Faris Van Ness; traducción Martin Stone Blair.
260 _aEl Paso, Texas. :
_bCasa Bautista de Publicaciones,
_c1958.
300 _a122 p. ;
_c18 cm.
534 _aTítulo original :
_tThis is my biblie
700 1 _aBlair, Martin Stone,
_etr.
_952800
049 _aBNGR
999 _c25429
_d25429